000 00574nam a2200229Ia 4500
003 OSt
005 20220924152018.0
006 a|||||r|||| 00| 0
007 ta
008 220923b |||||||| |||| 00| 0 tel d
024 _a340449
037 _cTextual
040 _aARTS
_cARTS
_btel
041 _2tel
_atel
082 _aO155,2M71:g, K5
100 _aKukarni
_9225594
245 0 _aNatakkar kha dilkar
260 _c1965
650 _aMARATHI LITERATURE
_938000
942 _hO155,2M71:g, K5
_cTEXL
_2CC
999 _c468427
_d468427